000 02372nas1a22005051i 4500
001 RU\NLR\INFOCOMM10\1000283530
005 20240723091149.0
035 _a(NLR Aleph) 002302868
090 _a4242700
_c4242700
100 _a20040928c1951 |||y0rusy50 ca
101 0 _arus
102 _aRU
110 _azyu||||0|y0
200 1 _aРеакции и методы исследования органических соединений
207 1 _aКн.1-
210 _aМ.
_cГосхимиздат
_d1951-
801 1 _aRU
_bInfoComm
_c20040928
801 0 _aRU
_bNLR
_gPSBO
852 _aNLR
_jП7/886
942 _cSE
980 _aRUSPER